Micropolitics : Individual and group level concepts (Record no. 1371632)

MARC details
000 -LEADER
fixed length control field 00534nam a2200181Ia 4500
005 - DATE AND TIME OF LATEST TRANSACTION
control field 20250508161712.0
008 - FIXED-LENGTH DATA ELEMENTS--GENERAL INFORMATION
fixed length control field 008 250505s9999 xx 000 0 eng d
037 ## - SOURCE OF ACQUISITION
Stock number Textual
040 ## - CATALOGING SOURCE
Original cataloging agency FEDL
Language of cataloging eng
Transcribing agency FEDL
041 ## - LANGUAGE CODE
Language code of text/sound track or separate title eng
Source of code eng
084 ## - COLON CLASSIFICATION NUMBER
Classification number 320.4, KES
Assigning agency FEDL
100 ## - MAIN ENTRY--PERSONAL NAME
Personal name Kessel John H.
9 (RLIN) 318144
245 #0 - TITLE STATEMENT
Title Micropolitics : Individual and group level concepts
260 ## - PUBLICATION, DISTRIBUTION, ETC.
Place of publication, distribution, etc. New York, USA
Name of publisher, distributor, etc. Holt, Rinehart and Winston
Date of publication, distribution, etc. 1970
300 ## - PHYSICAL DESCRIPTION
Extent xii,643p.
942 ## - ADDED ENTRY ELEMENTS (KOHA)
Koha item type Textual
Classification part 320.4, KES
Holdings
Withdrawn status Lost status Damaged status Not for loan Home library Current library Date acquired Total Checkouts Full call number Barcode Date last seen Price effective from Koha item type
        Department of Education Library Department of Education Library 2025-05-08   320.4, KES EL0059653 2025-05-08 2025-05-08 Textual
Copyright @ Delhi University Library System